000 01510nab a22002417a 4500
999 _c6019
_d6019
003 OSt
005 20260116183244.0
008 190605e xxu||||| |||| 00| 0 spa d
040 _cPJ
100 _96788
_aPérez, Emiliano A.
245 1 3 _aEl impacto de "Levinas" en los conflictos de derecho sindical /
_cEmiliano A. Pérez.
260 _aCiudad Autónoma de Buenos Aires :
_bThomson Reuters La Ley,
_c2025.
300 _ap. 16-28
500 _aCita Online: Cita: TR LALEY AR/DOC/1473/2025.
505 _aSumario: I. Introducción.— II. La competencia federal de la Justicia Nacional del Trabajo.— III. Lo revisable y lo irrecurrible en materia sindical ante el Supremo Tribunal local.— IV. La resistencia de la CNAT. Res. 4/2025.— V. Antesala de una ¿nueva? doctrina en materia sindical por parte del Tribunal Superior de Justicia de CABA.— VI. El recurso de revisión extraordinario ante el TSJBA a partir de "Levinas".— VII. La Constitución de la Ciudad Autónoma de Buenos Aires como fuente de derecho del trabajo.— VIII. Conclusiones.
505 _t¿Te interesa el texto completo? Solicitalo al correo: koha@justierradelfuego.gov.ar
650 0 _91316
_aDERECHO LABORAL
650 0 _94583
_aDERECHOS SINDICALES
650 0 _aCONVENIOS COLECTIVOS DE TRABAJO
_91354
650 0 _aASOCIACIONES SINDICALES
_91367
773 0 _02711
_93168
_dCiudad Autónoma de Buenos Aires : Thomson Reuters La Ley, 1999-2002.
_tRevista de derecho del trabajo. Nº 4 - Julio 2025
942 _2udc
_cANA